000 00339nam a22001337a 4500
020 _qPB.
040 _cFIZZA ISHAQ
082 _a174.4
_bTOM
100 _aBEAUCHAMP,L.TOM.
_9133736
245 _aETHICAL THEORY & BUSINESS /
_cTOM L.BEAUCHAMP.
260 _aNEW YORK ;
_bPEARSON,
_c2004.
300 _a686 P. ;
_c8.9X6.6IN
942 _2ddc
_cBK
999 _c616613
_d616613